00522nam a2200157 a 450000100100000000500170001000800410002704000250006808200190009310000220011224501230013426000340025730000210029170000200031270000320033200004211420240306164224.0131114s1970 mx 000 0 spa d aDO-SdBNPbspacBNPHU axxxxxxbxxxxxx1 aCollazos, Óscar10aLiteratura en la revolución y revolución en la literatura /cÓscar Collazos, Julio Cortazar, Mario Vargas Llosa. aMéxico :bSiglo XXI,c1970. a118 p. ;c15 cm.1 aCortazar, Julio1 aVargas Llosa, Mario,d1936-